Estadísticas para Los 30 equipos con más puntos históricos en La Liga

Haz click aquí para intentar la prueba.

Estadísticas generales

  • Esta prueba ha sido intentada 315 veces
  • La puntuación promedio es 25 de 30

Estadísticas de respuestas

Equipo% Correcto
Atlético de Madrid
100%
FC Barcelona
100%
Real Madrid
100%
Sevilla FC
99%
Valencia CF
98%
Athletic Club
97%
Real Betis
96%
Real Sociedad
95%
12ºDeportivo de la Coruña
90%
28ºClub Deportivo Málaga
87%
23ºMálaga CF
87%
RCD Espanyol
87%
10ºReal Zaragoza
87%
21ºGetafe CF
83%
11ºCelta de Vigo
81%
17ºVillarreal CF
81%
18ºRCD Mallorca
80%
16ºSporting de Gijón
80%
14ºClub Atlético Osasuna
79%
20ºUD Las Palmas
79%
26ºDeportivo Alavés
78%
22ºGranada CF
77%
13ºReal Valladolid
74%
15ºRacing de Santander
73%
27ºLevante UD
72%
24ºRayo Vallecano
71%
30ºCD Tenerife
70%
25ºElche CF
69%
19ºReal Oviedo
65%
29ºHércules de Alicante
41%

Distribución de puntuación

Porcentaje por número respondido

Porcentaje de gente con cada puntuación

Historial de tus puntuaciones

No has intentado esta prueba.